Licensing of landlords (Record no. 77162)

MARC details
000 -LEADER
fixed length control field 01404cab a2200205 4500
001 - CONTROL NUMBER
control field ##L133700
008 - FIXED-LENGTH DATA ELEMENTS--GENERAL INFORMATION
fixed length control field 060605n2006 000 0 eng u
035 ## - SYSTEM CONTROL NUMBER
System control number (Sirsi) u133700
041 0# - LANGUAGE CODE
Language code of text/sound track or separate title eng
100 1# - MAIN ENTRY--PERSONAL NAME
Personal name Stimpson, Mike
245 00 - TITLE STATEMENT
Title Licensing of landlords
Remainder of title the 2004 Housing Act - the reality
260 ## - PUBLICATION, DISTRIBUTION, ETC.
Date of publication, distribution, etc. 2006
490 #0 - SERIES STATEMENT
Series statement Successful Renting
Volume/sequential designation Q2 2006, 11-13(3)
520 ## - SUMMARY, ETC.
Summary, etc. Considers the reality of the implementation of licensing of Houses in Multiple Occupation (HMOs) from 6 April 2006 with many local authorities still not having application forms available or made known their fees for licensing. Comments on the unreasonable variance of licensing fees amongst local authorities who should have all been working with the same ODPM guidelines and criticises debatable local authority practice. Points out some of the hidden regulations in respect of student lets (now HMOs) such as the need for a hot and cold water wash basin in each bedroom when there are five or more residents. Provides an update to the issues of additional, selective licensing and discusses transitional licensing which is described as additional licensing without consultation.
590 ## - LOCAL NOTE (RLIN)
Local note IKA060606
650 24 - SUBJECT ADDED ENTRY--TOPICAL TERM
Topical term or geographic name entry element HOUSING ACT 2004 PART II
651 #4 - SUBJECT ADDED ENTRY--GEOGRAPHIC NAME
Geographic name England and Wales
Chronological subdivision 1543-
690 ## - LOCAL SUBJECT ADDED ENTRY--TOPICAL TERM (OCLC, RLIN)
Topical term or geographic name as entry element PROPERTY-RESIDENTIAL PROPERTY-RESIDENTIAL LANDLORD AND TENANT-RESIDENTIAL LANDLORD AND TENANT REFORM
942 ## - ADDED ENTRY ELEMENTS (KOHA)
Suppress in OPAC 0
Holdings
Withdrawn status Lost status Source of classification or shelving scheme Damaged status Not for loan Home library Current library Shelving location Date acquired Total Checkouts Full call number Barcode Date last seen Copy number Price effective from Koha item type
    Dewey Decimal Classification     London London Journal article 05/06/2006   L133700 133700-1001 06/08/2019 1 06/08/2019 Journal article